Modelling languae behaviour

Guardado en:
Detalles Bibliográficos
Autor principal: Marasimhan, Rangaswamy
Formato: Libro
Lenguaje:inglés
Publicado: Berlin Springer 1981
Etiquetas: Agregar Etiqueta
Sin Etiquetas, Sea el primero en etiquetar este registro!

MARC

LEADER 00000nam a2200000 4500
001 c138383
005 20041019155312.9
041 0 |a eng 
044 |a DE 
245 1 0 |a Modelling languae behaviour  |c Rangaswamy Marasimhan 
264 1 |a Berlin  |b Springer  |c 1981 
300 |a 217 s. 
100 1 |a Marasimhan, Rangaswamy